Eurovision Song Contest 2015 - Statistics

General Stats
  • This quiz has been taken 510 times
    487 since last reset
  • The average score is 36 of 80
Answer Stats
Hint Answer % Correct
Sweden Heroes
86%
Russia A Million Voices
78%
Estonia Goodbye to Yesterday
75%
Georgia Warrior
74%
Malta Warrior
74%
Israel Golden Boy
73%
Belgium Loïc Nottet
72%
Belgium Rhythm Inside
72%
Russia Polina Gagarina
69%
Sweden Måns Zelmerlöw
68%
Italy Grande Amore
66%
Serbia Beauty Never Lies
64%
Italy Il Volo
64%
Germany Black Smoke
63%
Norway A Monster Like Me
62%
Latvia Love Injected
62%
Belarus Time
61%
Australia Guy Sebastian
60%
Montenegro Adio
57%
Greece One Last Breath
57%
Australia Tonight Again
57%
Latvia Aminata
55%
Albania I'm Alive
55%
Hungary Wars for Nothing
55%
Slovenia Here for You
54%
Azerbaijan Hour of the Wolf
54%
Montenegro Knez
54%
The Netherlands Walk Along
53%
Moldova I Want Your Love
52%
Ireland Playing with Numbers
52%
Germany Ann Sophie
51%
Hungary Boggie
51%
Armenia Face the Shadow
50%
Armenia Genealogy
50%
Malta Amber
47%
Spain Edurne
47%
Slovenia Maraaya
47%
Georgia Nina Sublatti
47%
United Kingdom Still in Love with You
47%
Macedonia Autumn Leaves
46%
Spain Amanecer
45%
Romania De la capăt (All Over Again)
45%
Austria The Makemakes
45%
San Marino Chain of Lights
42%
United Kingdom Electro Velvet
41%
Czech Republic Hope Never Dies
40%
Poland In the Name of Love
39%
Denmark The Way You Are
39%
Lithuania This Time
39%
Iceland Unbroken
39%
Estonia Elina Born & Stig Rästa
38%
Ireland Molly Sterling
38%
France N'oubliez pas
38%
Cyprus One Thing I Should Have Done
37%
Switzerland Time to Shine
37%
Finland Aina mun pitää
36%
Serbia Bojana Stamenov
36%
Albania Elhaida Dani
36%
Denmark Anti Social Media
35%
Israel Nadav Guedj
35%
Austria I Am Yours
34%
Romania Voltaj
34%
France Lisa Angell
29%
Iceland María Ólafs
28%
Moldova Eduard Romanyuta
25%
Switzerland Mélanie René
25%
Norway Mørland & Debrah Scarlett
25%
Azerbaijan Elnur Hüseynov
24%
Greece Maria-Elena Kyriakou
24%
Belarus Uzari & Maimuna
24%
The Netherlands Trijntje Oosterhuis
23%
Portugal Há um mar que nos separa
20%
Macedonia Daniel Kajmakoski
19%
Lithuania Monika Linkytė & Vaidas Baumila
18%
Portugal Leonor Andrade
17%
Poland Monika Kuszyńska
16%
Finland Pertti Kurikan Nimipäivät
16%
Czech Republic Marta Jandová & Václav Noid Bárta
12%
Cyprus John Karayiannis
11%
San Marino Michele Perniola & Anita Simoncini
10%
No matching quizzes found
Score Distribution
Percent of People with Each Score
Percentile by Number Answered
Your Score History
You have not taken this quiz since the last reset